000 00420nam a2200169Ia 4500
005 20140426102250.0
008 140130s9999 xx 000 0 und d
050 _aPZ 7
_b.L366 1988
245 _cLauber,Patricia
_aThe story of Amelia Earhart: Lost Star
260 _bScholastic,
_c1988
300 _a106 p. :
_c21 cm.
440 _v1
_931174
521 _aG7
526 _c870
942 _cBK
_2lcc
999 _c41247
_d41247